Muškát /

Hlavní autor: Šikula, Vincent, 1936-2001
Jazyk: Slovenština
Vydáno: Bratislava : Slovenský spisovateľ, 1977
Vydání: 1. vyd.
Edice: Nová próza (Slovenský spisovateľ)
Fyzický popis: 225 s.
Knihy
Uloženo v:
LEADER 00702nam a22002292a 4500
001 001173889
003 CZ BrMZK
005 20120416112952.0
007 ta
008 111012s1977 xo er|||||||||||slo d
040 |a ABA001  |b cze  |c ABA001  |d ABA001  |d BOA001 
100 1 |a Šikula, Vincent,  |d 1936-2001  |7 jn19990209851  |4 aut 
245 1 0 |a Muškát /  |c Vincent Šikula 
250 |a 1. vyd. 
260 |a Bratislava :  |b Slovenský spisovateľ,  |c 1977 
300 |a 225 s. 
490 1 |a Nová próza 
830 0 |a Nová próza (Slovenský spisovateľ) 
910 |a BOA001  |b 2-0785.129 
990 |a BK 
991 |b 201110 
996 7 |b 2619482035  |c 2-0785.129  |l MZK  |r Sklad / do 1 hodiny  |n 0  |w 001207450  |u 000010  |a 1  |e BOA001  |j MZK50  |s A